• 首页
  • 本馆介绍
  • 公告通知
  • 最新文献
  • 馆藏检索
  • 电子资源
  • 读者导购
  • 参考咨询
  • 我的图书馆
  • 登录
  • 详细信息显示
  • 放入我的书架
  • 预约/预借图书
  • 作者相关作品
  • 分类相关作品
  • 丛书相关作品
  • 出版社相关作品

书目信息

  • 表格格式
  • 工作单格式
  • 卡片格式
题名:
教育督导学
    
 
作者: 格里克曼 , 戈登 , 罗斯-戈登 著 ;任文 译
分册:  
出版信息: 上海   华东师范大学出版社  2021.1
页数: 417页
开本: 24cm
丛书名: 教育治理与领导力丛书
单 册:
中图分类: G464
科图分类:
主题词: 教育视导
电子资源:
ISBN: 978-7-5760-0687-2
000 01656nam0 2200337 45
001 012001004213
005 20141014154819.0
010    @a978-7-5760-0687-2@dCNY98.00
100    @a20210223d2021 em y0chiy0110 ea
101 1  @achi@ceng
102    @aCN@b310000
105    @ay z 000yy
106    @ar
200 1  @a教育督导学@Ajiao yu du dao xue@e一种发展性视角@dSupervision and instructional leadership@ea development approach@f(美)卡尔·D. 格里克曼(Carl D. Glickman), (美)斯蒂芬·P. 戈登(Stephen P. Gordon), (美)乔维塔·M. 罗斯-戈登(Jovita M. Ross-Gordon)著@g任文译@zeng
210    @a上海@c华东师范大学出版社@d2021.1
215    @a417页@d24cm
225 2  @a教育治理与领导力丛书@f王定华总主编
300    @a并列题名:Supervision and instructional leadership
305    @a据原书第10版译出
330    @a本书聚焦成功学校教育督导体系的建设,将教育督导的相关知识、人际交往技巧和技术技能运用于教育教学全过程,将教学效果的离散要素汇聚到整个学校的活动中;将构建民主、合作、宽松的学校环境这一理念贯穿始终,将教师职业发展与学校的超凡愿景相结合,从而达到激发教师全员参与督导、提升学校教育治理能力的目的。
410  0 @12001 @a教育治理与领导力丛书
461  0 @12001 @a教育治理与领导力丛书@1701 0@a王定华总主编
510 1  @aSupervision and instructional leadership@ea development approach@zeng
606 0  @a教育视导
690    @aG464@v5
701  0 @c(美)@a格里克曼@Age li ke man@c(Glickman, Carl D.)@4著
701  0 @c(美)@a戈登@Age deng@c(Gordon, Stephen P.)@4著
701  0 @c(美)@a罗斯-戈登@Aluo si - ge deng@c(Ross-Gordon, Jovita M.)@4著
702  0 @a任文@Aren wen@4译
801    @aCN@bAHXH@c20210922
905    @b1329958-62@dG464@e23@f5
    
    教育督导学:一种发展性视角=Supervision and instructional leadership:a development approach/(美)卡尔·D. 格里克曼(Carl D. Glickman), (美)斯蒂芬·P. 戈登(Stephen P. Gordon), (美)乔维塔·M. 罗斯-戈登(Jovita M. Ross-Gordon)著/任文译.-上海:华东师范大学出版社,2021.1
    417页;24cm.-(教育治理与领导力丛书/王定华总主编)
    并列题名:Supervision and instructional leadership
    
    ISBN 978-7-5760-0687-2:CNY98.00
    本书聚焦成功学校教育督导体系的建设,将教育督导的相关知识、人际交往技巧和技术技能运用于教育教学全过程,将教学效果的离散要素汇聚到整个学校的活动中;将构建民主、合作、宽松的学校环境这一理念贯穿始终,将教师职业发展与学校的超凡愿景相结合,从而达到激发教师全员参与督导、提升学校教育治理能力的目的。
●
相关链接 在E读中查询图书 在五车中查询图书 在当当中查询图书 在豆瓣中查询图书


正题名:教育督导学     索取号:G464/23         预约/预借

序号 登录号 条形码 馆藏地/架位号 状态 备注
1 1329958   213299580   第一样本阅览室/ [索取号:G464/23] 在馆    
2 1329959   213299599   教育系资料室/ [索取号:G464/23] 在馆    
3 1329960   213299606   教育系资料室/ [索取号:G464/23] 在馆    
4 1329961   213299615   第四借阅区/ [索取号:G464/23] 在馆    
5 1329962   213299624   第四借阅区/ [索取号:G464/23] 在馆    
唐山师范学院图书馆 欢迎您!
大连网信软件有限公司© 版权所有